| Tag |
First Indicator |
Second Indicator |
Subfields |
| LEADER |
00000cam a22000007i 4500 |
| 001 |
in00005659839 |
| 006 |
m o d |
| 007 |
cr cnu---unuuu |
| 008 |
240503s2024 pau o 000 0 eng d |
| 005 |
20250813013746.1 |
| 035 |
|
|
|a (OCoLC)on1432560070
|
| 040 |
|
|
|a OCLKB
|b eng
|e rda
|e pn
|c OCLKB
|d YDX
|
| 020 |
|
|
|a 9798369339862 (electronic bk.)
|
| 020 |
|
|
|a 9798369339879
|q electronic book
|
| 020 |
|
|
|z 9798369339855
|
| 035 |
|
|
|a (OCoLC)1432560070
|
| 050 |
|
4 |
|a HC79.E5
|b G74 2024
|
| 082 |
0 |
4 |
|a 338.9/27
|2 23
|
| 245 |
0 |
0 |
|a Green transition impacts on the economy, society, and environment /
|c [edited by] Seda Yildirim, Durmuş Yildirim, Işil Demirtaş, Vinay Kandpal.
|
| 264 |
|
1 |
|a Hershey, PA, USA :
|b IGI Global,
|c [2024]
|
| 300 |
|
|
|a 1 online resource
|
| 336 |
|
|
|a text
|b txt
|2 rdacontent
|
| 337 |
|
|
|a computer
|b c
|2 rdamedia
|
| 338 |
|
|
|a online resource
|b cr
|2 rdacarrier
|
| 490 |
1 |
|
|a Practice, progress and proficiency in sustainability (PPPS) book series
|
| 588 |
|
|
|a Description based on online resource; title from digital title page (viewed on August 29, 2024).
|
| 650 |
|
0 |
|a Sustainable development
|x Economic aspects.
|
| 700 |
1 |
|
|a Yildirim, Seda,
|e editor.
|
| 830 |
|
0 |
|a Practice, progress, and proficiency in sustainability (PPPS) book series.
|
| 852 |
8 |
|
|b POD
|z This title is available for the library to purchase for your use. Click the "Purchase It For Me" button to place a request. This item will take 5-10 business days to arrive.
|
| 955 |
|
|
|a Ebook POD title
|
| 961 |
|
|
|m 565731
|
| 999 |
f |
f |
|s c27b843f-41a8-40a7-9988-048198f372a8
|i 58eb179f-9068-412b-903f-4baa2a3641a4
|t 0
|
| 952 |
f |
f |
|a Texas A&M University
|b College Station
|c Sterling C. Evans Library
|d Purchase on Demand
|t 0
|e HC79.E5 G74 2024
|h Library of Congress classification
|
| 998 |
f |
f |
|a HC79.E5 G74 2024
|t 0
|l Purchase on Demand
|